| 000 | 00757ngm a2200205 a 4500 | ||
|---|---|---|---|
| 005 | 20221112063445.0 | ||
| 008 | 010731s1998 mx r 000 0 spa d | ||
| 020 | _a9701816498 | ||
| 035 | _aUPN01000110715 | ||
| 049 | _aAV | ||
| 099 | _aPVI QP 0922 | ||
| 245 | 0 | 0 | _aMás allá de la mente. |
| 260 |
_aMéxico : _bSEP : _bILCE : _bDiscovery channel, _c1998. |
||
| 300 |
_a1 videocasete (VHS) (52 min.) : _bson., col. |
||
| 440 | 3 |
_aEl cerebro ; _v5 |
|
| 520 | _aEl estudiante conocerá que el funcionamiento de la mente es producto de la bioquímica del cerebro. También se explican las causas de algunas alteraciones mentales como la esquizofrenia | ||
| 650 | 4 |
_aCEREBRO - _xENFERMEDADES _99622 |
|
| 650 | 2 |
_aNeurología _915960 |
|
| 905 | _aAudiovisuales | ||
| 999 |
_c84624 _d84624 |
||